| 000 | 00715nam a22001815i 4500 | ||
|---|---|---|---|
| 001 | 53972 | ||
| 003 | ES-MaACL | ||
| 005 | 20250907063043.0 | ||
| 007 | t| | ||
| 008 | 960709s1893 sp ||||1| spa d | ||
| 040 |
_aCAM _bspa _cCAM |
||
| 100 | 1 |
_aFernández Villaverde, Raimundo, _d1848-1905 _950163 |
|
| 245 | 1 | 0 |
_aDiscurso pronunciado por el diputado a Cortes Raimundo Fernández Villaverde en la reunión parlamentaria privada de 4 de abril de 1893 [sobre la conducta política de la minoría silvelista] / _cpublícanlo algunos correligionarios. |
| 260 |
_aMadrid : _b[s.n.], _c1893 ( _fM. Romero, impresor) |
||
| 300 |
_a24 p. ; _c21 cm. |
||
| 852 |
_aES-MaACL _jT-690-F-3 |
||
| 999 |
_c53972 _d53972 |
||